| 000 | 01034nam0a2200289 4500 | ||
|---|---|---|---|
| 001 | RU\NLR\bibl\903832 | ||
| 005 | 20260406144601.0 | ||
| 010 |
_a5-8445-0091-1 _93000 |
||
| 021 |
_aRU _b2005-82433 _94069 |
||
| 035 | _a(NLR Aleph) 000892251 | ||
| 090 |
_a1725716 _c1725716 |
||
| 100 | _a20060206d2005 |||y0rusy50 ca | ||
| 101 | 1 |
_arus _ceng |
|
| 102 | _aRU | ||
| 105 | _ay ||||||||| | ||
| 200 | 1 |
_aСемь важнейших истин о Божественном исцелении _e[перевод с английского] _fКеннет Е. Хейгин |
|
| 210 |
_aСанкт-Петербург _cБиблейский взгляд _d2005 |
||
| 215 |
_a77 с. _d21 |
||
| 606 | 1 |
_aЕвангелизация _92082319 _3RU\NLR\auth\661258340 |
|
| 686 | _aЭ376,0 | ||
| 700 | 1 |
_4070 _8rus _7ca _aХейгин _bК. Е. _f1917-2003 _gКеннет Е. _3RU\NLR\auth\774243 _9114225 |
|
| 801 | 0 |
_aRU _bNLR _c20060206 _grcr |
|
| 801 | 1 |
_aRU _bNLR _c20060206 |
|
| 942 | _cBOOK | ||
| 980 | _aNB | ||